| 000 | 00342nam a2200133Ia 4500 | ||
|---|---|---|---|
| 005 | 20251222143308.0 | ||
| 008 | 251222s9999||||xx |||||||||||||| ||spa|| | ||
| 082 | _a415/M22 | ||
| 100 | _aManacorda de Rosetti, Mabel | ||
| 245 | 0 | _aLa Gramática Estructural en la Escuela Eecundaria: | |
| 250 | _a2a.ed. | ||
| 264 | _bKapelusz | ||
| 942 | _cLIB | ||
| 999 |
_c15600 _d15600 |
||